000 00585nam a2200241Ia 4500
003 OSt
005 20220918185120.0
006 a|||||r|||| 00| 0
007 ta
008 220917b |||||||| |||| 00| 0 eng d
024 _a49,622
037 _cTextual
040 _aARTS
_cARTS
_beng
041 _2eng
_aeng
082 _aP,73, K9
100 _aBrace G W
_967830
245 0 _aStuff of fiction
260 _aN York
_bW W Norton
_c1969
300 _a156p.
_ccm.
650 _aLINGUISTICS
942 _hP,73, K9
_cTEXL
_2CC
999 _c179244
_d179244